Software engineering for image processing systems / (Record no. 175587)
[ view plain ]
| 000 -LEADER | |
|---|---|
| fixed length control field | 01059 a2200217 4500 |
| 003 - CONTROL NUMBER IDENTIFIER | |
| control field | Nust |
| 005 - DATE AND TIME OF LATEST TRANSACTION | |
| control field | 20220804103430.0 |
| 010 ## - LIBRARY OF CONGRESS CONTROL NUMBER | |
| LC control number | 2003046213 |
| 020 ## - INTERNATIONAL STANDARD BOOK NUMBER | |
| International Standard Book Number | 0849313767 |
| 040 ## - CATALOGING SOURCE | |
| Transcribing agency | Nust |
| 082 00 - DEWEY DECIMAL CLASSIFICATION NUMBER | |
| Classification number | 621.367,LAP |
| 100 1# - MAIN ENTRY--PERSONAL NAME | |
| Personal name | Laplante, Phillip A. |
| 9 (RLIN) | 55695 |
| 245 10 - TITLE STATEMENT | |
| Title | Software engineering for image processing systems / |
| Statement of responsibility, etc. | Phillip A. Laplante. |
| 260 ## - PUBLICATION, DISTRIBUTION, ETC. | |
| Place of publication, distribution, etc. | Boca Raton : |
| Name of publisher, distributor, etc. | CRC Press, |
| Date of publication, distribution, etc. | c2004. |
| 300 ## - PHYSICAL DESCRIPTION | |
| Extent | 220 p. : |
| Other physical details | ill. ; |
| Dimensions | 24 cm. |
| 440 #0 - SERIES STATEMENT/ADDED ENTRY--TITLE | |
| Title | Image processing series |
| 9 (RLIN) | 95621 |
| 505 ## - FORMATTED CONTENTS NOTE | |
| Formatted contents note | Software Engineering (Page-1), Imaging Software and its Properties (Page-9), Software Process and Life Cycle Models (Page-23), Software Requirements (Page-41), Software System Design (Page-71), The Software Production Process (Page-109), Software Measurement and Testing (Page-129), Hardware and Software Integration and Maintenance (Page-145), Management of Software Projects (Page-165). |
| 650 #0 - SUBJECT ADDED ENTRY--TOPICAL TERM | |
| Topical term or geographic name entry element | Telecommunication Engineering. |
| 856 42 - ELECTRONIC LOCATION AND ACCESS | |
| Materials specified | Publisher description |
| Uniform Resource Identifier | <a href="http://www.loc.gov/catdir/enhancements/fy0646/2003046213-d.html">http://www.loc.gov/catdir/enhancements/fy0646/2003046213-d.html</a> |
| 942 ## - ADDED ENTRY ELEMENTS (KOHA) | |
| Koha item type | Reference |
| Source of classification or shelving scheme | |
| Withdrawn status | Lost status | Source of classification or shelving scheme | Damaged status | Not for loan | Permanent Location | Current Location | Shelving location | Date acquired | Full call number | Barcode | Date last seen | Price effective from | Koha item type | Public note |
|---|---|---|---|---|---|---|---|---|---|---|---|---|---|---|
| Military College of Signals (MCS) | Military College of Signals (MCS) | Reference | 12/12/2016 | 621.367,LAP | MCS31560 | 12/08/2016 | 12/12/2016 | Reference | Almirah No.20, Shelf No.5 |
